000 00632nam a2200241Ia 4500
003 OSt
005 20221007080118.0
006 a|||||r|||| 00| 0
007 ta
008 221006b |||||||| |||| 00| 0 eng d
020 _a8174961364
_cRs. 425/-
024 _a7,906
037 _cTextual
040 _aFLL
_cFLL
_beng
041 _2eng
_aeng
082 _aXM55:Z2q, N9
100 _aTaxmann
245 0 _aCompanies act
260 _aNew Delhi
_bTaxmann Allied Services (P.) Ltd. India
_c1999
300 _a1.xxxvii,4.305p
_ccm.
942 _hXM55:Z2q, N9
_cTEXL
_2CC
999 _c1158399
_d1158399